| 000 | 00652nam a2200217Ia 4500 | ||
|---|---|---|---|
| 005 | 20250508163750.0 | ||
| 008 | 008 250505s9999 xx 000 0 eng d | ||
| 020 | _a81-7022-678-3 | ||
| 037 | _aTextual | ||
| 040 |
_aFEDL _beng _cFEDL |
||
| 041 |
_aeng _2eng |
||
| 084 |
_a338.9, GEO _qFEDL |
||
| 100 |
_aGeorge K. K. Ed. _9776267 |
||
| 245 | 0 | _aEconomic, development and the quest for alternatives | |
| 260 |
_aNew Delhi, India _bConcept Publishing company _c1997 |
||
| 300 | _ax,256p | ||
| 650 | _aEconomics | ||
| 700 |
_a Nair V. Sankaran Ed. Jacob Jose Ed. _9776268 |
||
| 942 |
_cTEXL _h338.9, GEO |
||
| 999 |
_c1385139 _d1385139 |
||